000 005140000a22002050004500
999 _c48891
_d48891
001 1733
003 CO-MdFUSB
005 20180406141402.0
008 180406b xxu||||| |||| 00| 0 eng d
020 _a84-89209-50-2
040 _cCO-MdBIC
082 0 4 _a398 Oc12f
100 1 _aOcampo López, Javier
245 1 0 _aLas fiestas y el folclor en Colombia / Javier Ocampo López
250 _a2a ed.
260 _aBogotá : Ancora Editores
300 _a273 P.
650 1 4 _aFolclor colombiano
942 _cLGB